00634cam a22001814a 4500020003500000020003600035041000800071082001600079100003600095245001700131260006300148300001800211650003400229856005900263942000700322952010600329999001700435 a0268031746 (pbk. : alk. paper) a0268031738 (cloth : alk. paper) aENG00a340.59bDIE1 aIzz al-Dīn, Mūʾil Yūsuf.10aIslamic law  aNotre Dame, Ind. :bUniversity of Notre Dame Press,c2004. axii, 178 p. ; 0aCommercial Law (Islamic law).41uhttp://www.loc.gov/catdir/toc/ecip0421/2004018018.html cBK 00104070aHMIbHMIcGENd2018-10-26l1o340.59 DIEp11-3782r2022-07-01s2022-06-22w2018-10-26yBK c22404d22404